| 000 | 01212nam a2200301 a 4500 | ||
|---|---|---|---|
| 001 | 000040531 | ||
| 005 | 20201002034208.0 | ||
| 008 | 130830s1999 sp a 001 0 spa d | ||
| 020 | _a9788420635361 | ||
| 040 |
_aDO-SdBNP _bspa _cBNPHU |
||
| 082 |
_a109 _bS689b |
||
| 100 | 1 |
_aSolomon, Robert C. _d1942-2007 _966831 |
|
| 240 | 1 | 0 |
_aTítulo original: A passion for Wisdom: a very brief history of philosophy. _lEspañol |
| 245 | 1 | 0 |
_aBreve historia de la Filosofía / _cRobert C. Solomon, Kathleen M. Higgins ; traductor Ángel Rivera. |
| 260 |
_aMadrid : _bAlianza, _c1999. |
||
| 300 |
_a209 p. : _bil., retrs. ; _c18 cm. |
||
| 490 | 1 |
_aEl Libro de bolsillo (Alianza) _aHumanidades _v4410 |
|
| 490 | 1 |
_aEl Libro de bolsillo (Alianza) _aFilosofía |
|
| 500 | _aIncluye índice analítico | ||
| 500 | _aLa biblioteca posee la 2a. reimpresión del 2007 | ||
| 504 | _aBibliografía : p. 196-200 | ||
| 650 | 4 |
_aFilosofía _xHistoria _9528 |
|
| 700 | 1 | 2 |
_aHiggins, Kathleen Marie. _966832 |
| 700 | 1 | 2 |
_aRivero, Ángel _etr. _966392 |
| 830 | 0 |
_aEl Libro de bolsillo (Alianza) _pFilosofía _966833 |
|
| 830 | 0 |
_aEl Libro de bolsillo (Alianza) _pHumanidades _n4410 _966834 |
|
| 910 | _aValidado. Control de calidad MFF | ||
| 999 |
_c40021 _d40021 |
||